mysqli: Table './ulib62015/stat_globaluid' is marked as crashed and should be repaired
select id from stat_globaluid where statuid='20260517103043_2689'
mysqli: Table './ulib62015/stat_globaluid' is marked as crashed and should be repaired
DELETE FROM stat_globaluid
WHERE id NOT IN (
SELECT id
FROM (
SELECT id
FROM stat_globaluid
ORDER BY id DESC
LIMIT 100
) foo
);
mysqli: Table './ulib62015/stat_globaluid' is marked as crashed and should be repaired
insert into stat_globaluid set
statuid='20260517103043_2689',
dt='1778988643',
phpself='/ULIB62015/dublinfull.php',
agent='Mozilla/5.0 AppleWebKit/537.36 (KHTML, like Gecko; compatible; ClaudeBot/1.0; +claudebot@anthropic.com)',
yea='2026',
mon='5',
dat='17',
ip='216.73.216.45'
mysqli: Table './ulib62015/stathist_viewbib_bib_type' is marked as crashed and should be repaired
insert into stathist_viewbib_bib_type set
dat='17' ,
mon='05' ,
yea='2026' ,
statuid='20260517103043_2689' ,
head='13399120048' ,
foot='marc' ,
dt='1778988643'
| LEADER : 00000nam 2200000uu 4500 |
| 001 13399120048 |
| 003 ULIB |
| 008 121018s||||||||th 000 0 tha d |
| 020 ^a9789740551928
|
| 050 4 ^aHN700.592.M3^bก425ก
|
| 100 0 ^aกาญจนา แก้วเทพ
|
| 245 10 ^aการจัดการความรู้เบื้องต้นเรื่อง"การสื่อสารชุมชน" /^cกาญจนา แก้วเทพ และคณะ
|
| 246 30 ^aการสื่อสารชุมชน
|
| 250 ^aพิมพ์ครั้งแรก
|
| 260 ^aกรุงเทพฯ :^bสำนักงานกองทุนสนับสนุนการวิจัย,^c2551
|
| 300 ^a12, 586 หน้า :^bภาพประกอบ
|
| 650 7 ^aการสื่อสารในการพัฒนาชุมชน
|
| 650 7 ^aการพัฒนาชุมชน
|
| 650 7 ^aการสื่อสาร
|
| 650 7 ^a ชุมชน
|
| 650 7 ^aสื่อพื้นบ้าน
|
| 650 7 ^aการบริหารองค์ความรู้
|
| 710 2 ^aสำนักงานกองทุนสนับสนุนการวิจัย
|
| 945 ^p320^l0^i017991
|
| 945 ^p0^l0^i017992
|
| 945 ^p0^l0^i017993
|
| 945 ^p0^l0^i017994
|
| 945 ^p0^l0^i017995 |
| 999 ^aยมมะณา จันทร์ฉิม
|
| คุณยังไม่ได้ล็อกอิน คุณสามารถมีกิจกรรมร่วมกับเว็บไซต์ได้ แต่ต้องล็อกอินก่อน :: |
|
|
|
รายการใกล้เคียง
ผู้แต่ง [กาญจนา แก้วเทพ]
หัวเรื่อง [การพัฒนาชุมชน] หัวเรื่อง [การสื่อสาร] หัวเรื่อง [ชุมชน] หัวเรื่อง [สื่อพื้นบ้าน] หัวเรื่อง [การบริหารองค์ความรู้]
|
|
ยังไม่เคยถูกคอมเมนท์
|
| คอมเมนท์ทรัพยากรรายการนี้ |
|